Statystyki dla Najpopularniejsze utwory Malika Montany [18.01.2023]

Kliknij tutaj aby rozwiązać quiz!

Ogólne statystyki

  • Ten quiz został rozwiązany 194 razy
    (58 od ostatniego zresetowania)
  • Średni wynik to 8 z 20

Statystyki odpowiedzi

OdtworzeniaFeatyNazwa% Poprawnych
33,1 mlnMr. PolskaJagodzianki
91%
40,1 mlnDaChoyceJetlag
91%
36,1 mlnK KokeRobię YEAH
79%
17,2 mlnŻabsonDo Tańca
77%
29 mlnDiho, Alberto, BibicRundki
63%
19,2 mln-MÓWILI
51%
20,7 mlnBonez MC, Milonair7 5 0
44%
13,3 mln-1-WSZY NOS
35%
9,4 mlnTovaritchBratan
35%
13,4 mlnLXMordo Weź
35%
16,7 mln-Do rana
33%
22,1 mln-Jungle Boyz
33%
19,4 mln-3 Telefony
26%
29,7 mln-Niedostępny
26%
13,3 mln-Mona Lisa
23%
10,2 mln-6.3 AMG
19%
13 mlnKaziorSelf Made
19%
12,3 mlnFarid BangBrudasy With Attitude
16%
9,3 mln-One Night Stand
16%
15,5 mln-Głosy w Głowie
7%

Rozkład punktacji

Percentyl według liczby udzielonych odpowiedzi

Procent ludzi z każdym wynikiem

Twoja historia wyników

Nie rozwiązałeś tego quizu od ostatniego zresetowania